000
00240nam a2200097Ia 4500
082
_a
EKF WALT
245
0
_a
Big fat lies
100
_a
WALTON, Ann Cambridge, 2009
_9
63589
942
_c
BK
008
210817s9999 xx 000 0 und d
999
_c
201618
_d
201617